<?xml version="1.0" encoding="UTF-8"?>
<record
    xmlns:xsi="http://www.w3.org/2001/XMLSchema-instance"
    xsi:schemaLocation="http://www.loc.gov/MARC21/slim http://www.loc.gov/standards/marcxml/schema/MARC21slim.xsd"
    xmlns="http://www.loc.gov/MARC21/slim">

  <leader>02157nam a22002657a 4500</leader>
  <controlfield tag="003">NALT</controlfield>
  <controlfield tag="005">20251015153817.0</controlfield>
  <controlfield tag="008">      s2556    th ||||| |||| 00| 0 tha d</controlfield>
  <datafield tag="020" ind1=" " ind2=" ">
    <subfield code="a">9789744145505</subfield>
  </datafield>
  <datafield tag="040" ind1=" " ind2=" ">
    <subfield code="a">NALT</subfield>
  </datafield>
  <datafield tag="100" ind1="1" ind2=" ">
    <subfield code="a">&#xE04;&#xE2D;&#xE25;&#xE25;&#xE34;&#xE19;&#xE2A;&#xE4C;, &#xE08;&#xE34;&#xE21;</subfield>
    <subfield code="9">42479</subfield>
  </datafield>
  <datafield tag="245" ind1="1" ind2="0">
    <subfield code="a">&#xE20;&#xE32;&#xE27;&#xE30;&#xE1C;&#xE39;&#xE49;&#xE19;&#xE33; =</subfield>
    <subfield code="b">on leadership /</subfield>
    <subfield code="c">&#xE42;&#xE14;&#xE22; Jim Collins &amp; Peter F. Drucker ; &#xE1C;&#xE39;&#xE49;&#xE41;&#xE1B;&#xE25; &#xE04;&#xE21;&#xE01;&#xE24;&#xE0A; &#xE08;&#xE2D;&#xE07;&#xE1A;&#xE38;&#xE0D;&#xE27;&#xE31;&#xE12;&#xE19;&#xE32; ; &#xE1C;&#xE39;&#xE49;&#xE40;&#xE23;&#xE35;&#xE22;&#xE1A;&#xE40;&#xE23;&#xE35;&#xE22;&#xE07; &#xE27;&#xE35;&#xE23;&#xE27;&#xE38;&#xE18; &#xE21;&#xE32;&#xE06;&#xE30;&#xE28;&#xE34;&#xE23;&#xE32;&#xE19;&#xE19;&#xE17;&#xE4C;.</subfield>
    <subfield code="h">[electronic resource]</subfield>
  </datafield>
  <datafield tag="260" ind1=" " ind2=" ">
    <subfield code="a">&#xE01;&#xE23;&#xE38;&#xE07;&#xE40;&#xE17;&#xE1E;&#xE2F; : </subfield>
    <subfield code="b">&#xE40;&#xE2D;&#xE47;&#xE01;&#xE0B;&#xE40;&#xE1B;&#xE2D;&#xE23;&#xE4C;&#xE40;&#xE19;&#xE47;&#xE17;, </subfield>
    <subfield code="c">2556.</subfield>
  </datafield>
  <datafield tag="300" ind1=" " ind2=" ">
    <subfield code="a">Online resource</subfield>
  </datafield>
  <datafield tag="505" ind1="2" ind2=" ">
    <subfield code="a">&#xE1A;&#xE17;&#xE17;&#xE35;&#xE48; 1 &#xE2D;&#xE30;&#xE44;&#xE23;&#xE17;&#xE35;&#xE48;&#xE17;&#xE33;&#xE43;&#xE2B;&#xE49;&#xE04;&#xE38;&#xE13;&#xE40;&#xE1B;&#xE47;&#xE19;&#xE1C;&#xE39;&#xE49;&#xE19;&#xE33; ? -- &#xE1A;&#xE17;&#xE17;&#xE35;&#xE48; 2 &#xE2A;&#xE34;&#xE48;&#xE07;&#xE17;&#xE35;&#xE48;&#xE17;&#xE33;&#xE43;&#xE2B;&#xE49;&#xE04;&#xE38;&#xE13;&#xE40;&#xE1B;&#xE47;&#xE19;&#xE1C;&#xE39;&#xE49;&#xE1A;&#xE23;&#xE34;&#xE2B;&#xE32;&#xE23;&#xE17;&#xE35;&#xE48;&#xE21;&#xE35;&#xE1B;&#xE23;&#xE30;&#xE2A;&#xE34;&#xE17;&#xE18;&#xE34;&#xE1C;&#xE25; -- &#xE1A;&#xE17;&#xE17;&#xE35;&#xE48; 3 &#xE2B;&#xE19;&#xE49;&#xE32;&#xE17;&#xE35;&#xE48;&#xE41;&#xE17;&#xE49;&#xE08;&#xE23;&#xE34;&#xE07;&#xE02;&#xE2D;&#xE07;&#xE1C;&#xE39;&#xE49;&#xE19;&#xE33; -- &#xE1A;&#xE17;&#xE17;&#xE35;&#xE48; 4 &#xE20;&#xE32;&#xE23;&#xE01;&#xE34;&#xE08;&#xE02;&#xE2D;&#xE07;&#xE1C;&#xE39;&#xE49;&#xE19;&#xE33; -- &#xE1A;&#xE17;&#xE17;&#xE35;&#xE48; 5 &#xE17;&#xE33;&#xE44;&#xE21;&#xE04;&#xE38;&#xE13;&#xE08;&#xE36;&#xE07;&#xE04;&#xE27;&#xE23;&#xE44;&#xE14;&#xE49;&#xE40;&#xE1B;&#xE47;&#xE19;&#xE1C;&#xE39;&#xE49;&#xE19;&#xE33; ? -- &#xE1A;&#xE17;&#xE17;&#xE35;&#xE48; 6 &#xE14;&#xE48;&#xE32;&#xE19;&#xE17;&#xE14;&#xE2A;&#xE2D;&#xE1A;&#xE1C;&#xE39;&#xE49;&#xE19;&#xE33; &#xE1A;&#xE17;&#xE17;&#xE35;&#xE48; 7 &#xE2A;&#xE38;&#xE14;&#xE22;&#xE2D;&#xE14;&#xE1C;&#xE39;&#xE49;&#xE19;&#xE33;&#xE23;&#xE30;&#xE14;&#xE31;&#xE1A; 5 -- &#xE1A;&#xE17;&#xE17;&#xE35;&#xE48; 8 &#xE01;&#xE32;&#xE23;&#xE40;&#xE1B;&#xE25;&#xE35;&#xE48;&#xE22;&#xE19;&#xE41;&#xE1B;&#xE25;&#xE07; 7 &#xE1B;&#xE23;&#xE30;&#xE01;&#xE32;&#xE23;&#xE2A;&#xE39;&#xE48;&#xE01;&#xE32;&#xE23;&#xE40;&#xE1B;&#xE47;&#xE19;&#xE1C;&#xE39;&#xE49;&#xE19;&#xE33; -- &#xE1A;&#xE17;&#xE17;&#xE35;&#xE48; 9 &#xE04;&#xE49;&#xE19;&#xE2B;&#xE32;&#xE04;&#xE27;&#xE32;&#xE21;&#xE40;&#xE1B;&#xE47;&#xE19;&#xE1C;&#xE39;&#xE49;&#xE19;&#xE33;&#xE17;&#xE35;&#xE48;&#xE40;&#xE1B;&#xE47;&#xE19;&#xE15;&#xE31;&#xE27;&#xE04;&#xE38;&#xE13; -- &#xE1A;&#xE17;&#xE17;&#xE35;&#xE48; 10 &#xE22;&#xE2D;&#xE21;&#xE23;&#xE31;&#xE1A;&#xE1C;&#xE39;&#xE49;&#xE19;&#xE33;&#xE17;&#xE35;&#xE48;&#xE44;&#xE21;&#xE48;&#xE2A;&#xE21;&#xE1A;&#xE39;&#xE23;&#xE13;&#xE4C;&#xE41;&#xE1A;&#xE1A;&#xE1A;&#xE49;&#xE32;&#xE07;&#xE40;&#xE16;&#xE2D;&#xE30;!.</subfield>
  </datafield>
  <datafield tag="650" ind1=" " ind2="4">
    <subfield code="a">&#xE20;&#xE32;&#xE27;&#xE30;&#xE1C;&#xE39;&#xE49;&#xE19;&#xE33;</subfield>
    <subfield code="9">5550</subfield>
  </datafield>
  <datafield tag="700" ind1="0" ind2=" ">
    <subfield code="a">&#xE27;&#xE35;&#xE23;&#xE27;&#xE38;&#xE18; &#xE21;&#xE32;&#xE06;&#xE30;&#xE28;&#xE34;&#xE23;&#xE32;&#xE19;&#xE19;&#xE17;&#xE4C;.</subfield>
    <subfield code="9">20342</subfield>
  </datafield>
  <datafield tag="700" ind1="0" ind2=" ">
    <subfield code="a">&#xE04;&#xE21;&#xE01;&#xE24;&#xE0A; &#xE08;&#xE2D;&#xE07;&#xE1A;&#xE38;&#xE0D;&#xE27;&#xE31;&#xE12;&#xE19;&#xE32;</subfield>
    <subfield code="9">23743</subfield>
  </datafield>
  <datafield tag="700" ind1="1" ind2=" ">
    <subfield code="a">Drucker, Peter F. </subfield>
    <subfield code="9">42480</subfield>
  </datafield>
  <datafield tag="700" ind1="1" ind2=" ">
    <subfield code="9">42481</subfield>
    <subfield code="a">Collins, Jim </subfield>
  </datafield>
  <datafield tag="850" ind1=" " ind2=" ">
    <subfield code="a">NALT</subfield>
  </datafield>
  <datafield tag="856" ind1="4" ind2="0">
    <subfield code="u">https://ebook.parliament.go.th/ebookall/detail/431751</subfield>
    <subfield code="z">E-Book</subfield>
  </datafield>
  <datafield tag="942" ind1=" " ind2=" ">
    <subfield code="c">GB</subfield>
    <subfield code="2">lcc</subfield>
  </datafield>
  <datafield tag="996" ind1=" " ind2=" ">
    <subfield code="a">i003</subfield>
    <subfield code="b">CATSTF	</subfield>
    <subfield code="c">2024-04-24</subfield>
  </datafield>
  <datafield tag="999" ind1=" " ind2=" ">
    <subfield code="c">68441</subfield>
    <subfield code="d">68441</subfield>
  </datafield>
  <datafield tag="998" ind1=" " ind2=" ">
    <subfield code="j">1020</subfield>
    <subfield code="k"> &#xE19;&#xE32;&#xE07;&#xE08;&#xE33;&#xE40;&#xE23;&#xE35;&#xE22;&#xE07;  &#xE23;&#xE30;&#xE27;&#xE31;&#xE07;&#xE2A;&#xE33;&#xE42;&#xE23;&#xE07;</subfield>
  </datafield>
  <datafield tag="952" ind1=" " ind2=" ">
    <subfield code="0">0</subfield>
    <subfield code="1">0</subfield>
    <subfield code="2">lcc</subfield>
    <subfield code="4">0</subfield>
    <subfield code="7">0</subfield>
    <subfield code="8">CGBL</subfield>
    <subfield code="a">NALT</subfield>
    <subfield code="b">NALT</subfield>
    <subfield code="e">&#xE08;&#xE31;&#xE14;&#xE0B;&#xE37;&#xE49;&#xE2D;&#xE17;&#xE23;&#xE31;&#xE1E;&#xE22;&#xE32;&#xE01;&#xE23;</subfield>
    <subfield code="l">0</subfield>
    <subfield code="o">HD 57.7 &#xE04;192&#xE20; 2556</subfield>
    <subfield code="p">3961194165</subfield>
    <subfield code="r">2017-06-09 00:00:00</subfield>
    <subfield code="t">&#xE09;.2</subfield>
    <subfield code="w">2017-06-09</subfield>
    <subfield code="y">GB</subfield>
  </datafield>
  <datafield tag="952" ind1=" " ind2=" ">
    <subfield code="0">0</subfield>
    <subfield code="1">0</subfield>
    <subfield code="2">lcc</subfield>
    <subfield code="4">0</subfield>
    <subfield code="7">0</subfield>
    <subfield code="8">CGBL</subfield>
    <subfield code="a">NALT</subfield>
    <subfield code="b">NALT</subfield>
    <subfield code="e">&#xE08;&#xE31;&#xE14;&#xE0B;&#xE37;&#xE49;&#xE2D;&#xE17;&#xE23;&#xE31;&#xE1E;&#xE22;&#xE32;&#xE01;&#xE23;</subfield>
    <subfield code="l">0</subfield>
    <subfield code="o">HD 57.7 &#xE04;192&#xE20; 2556</subfield>
    <subfield code="p">3961194164</subfield>
    <subfield code="r">2017-06-09 00:00:00</subfield>
    <subfield code="t">&#xE09;.1</subfield>
    <subfield code="w">2017-06-09</subfield>
    <subfield code="y">GB</subfield>
  </datafield>
  <datafield tag="952" ind1=" " ind2=" ">
    <subfield code="0">0</subfield>
    <subfield code="1">0</subfield>
    <subfield code="2">lcc</subfield>
    <subfield code="4">0</subfield>
    <subfield code="7">0</subfield>
    <subfield code="8">CERS</subfield>
    <subfield code="a">NALT</subfield>
    <subfield code="b">NALT</subfield>
    <subfield code="c">ONLINE</subfield>
    <subfield code="d">2023-09-29</subfield>
    <subfield code="e">191</subfield>
    <subfield code="l">0</subfield>
    <subfield code="r">2023-09-29 00:00:00</subfield>
    <subfield code="w">2023-09-29</subfield>
    <subfield code="y">EBK</subfield>
  </datafield>
</record>
